• 首页
  • 本馆介绍
  • 公告通知
  • 最新文献
  • 馆藏检索
  • 电子资源
  • 读者导购
  • 参考咨询
  • 我的图书馆
  • 登录
  • 详细信息显示
  • 放入我的书架
  • 预约/预借图书
  • 作者相关作品
  • 分类相关作品
  • 丛书相关作品
  • 出版社相关作品

书目信息

  • 表格格式
  • 工作单格式
  • 卡片格式
题名:
大兴安岭山区退化草地生态修复技术研究
    
 
作者: 齐广 著
分册:  
出版信息: 北京   中国农业科学技术出版社  2016.11
页数: 159页
开本: 24cm
丛书名:
单 册:
中图分类: S812.6
科图分类:
主题词:
电子资源:
ISBN: 978-7-5116-2806-0
000 00939nam0 2200229 450
001 0400002093
005 20171020094101.0
010    @a978-7-5116-2806-0@dCNY36.00
100    @a20170427e2016 em y0chiy50 ea
101 0  @achi
102    @aCN@b110000
105    @aab z 000yy
106    @ar
200 1  @a大兴安岭山区退化草地生态修复技术研究@9da xing an ling shan qu tui hua cao di sheng tai xiu fu ji shu yan jiu@f齐广著
210    @a北京@c中国农业科学技术出版社@d2016.11
215    @a159页@c彩图,地图@d24cm
330    @a本书共四章,第一章对大兴安岭山区的自然环境、人文环境进行介绍;第二章讲述大兴安岭山区草地资源的分布、退化情况;第三章研究大兴安岭山区退化草地的修复技术;第四章对大兴安岭山区退化草地的修复进行评价,并说明相应的技术标准。
607    @a大兴安岭@x退化草地@x生态恢复@x技术@x研究
690    @aS812.6@v5
701  0 @a齐广@9qi guang@f(1960-)@4著
801  0 @aCN@b91MARC@c20171020
905    @b1026356-60@dS812.6@f5@e143
    
    大兴安岭山区退化草地生态修复技术研究/齐广著.-北京:中国农业科学技术出版社,2016.11
    159页:彩图,地图;24cm
    
    
    ISBN 978-7-5116-2806-0:CNY36.00
    本书共四章,第一章对大兴安岭山区的自然环境、人文环境进行介绍;第二章讲述大兴安岭山区草地资源的分布、退化情况;第三章研究大兴安岭山区退化草地的修复技术;第四章对大兴安岭山区退化草地的修复进行评价,并说明相应的技术标准。
●
相关链接 在E读中查询图书 在五车中查询图书 在当当中查询图书 在豆瓣中查询图书


正题名:大兴安岭山区退化草地生态修复技术研究     索取号:S812.6/143         预约/预借

序号 登录号 条形码 馆藏地/架位号 状态 备注
1 1026356   210263560   第二样本阅览室/ [索取号:S812.6/143] 在馆    
2 1026357   210263579   密集书库-生命科学系/ [索取号:S812.6/143] 在馆    
3 1026358   210263588   第三借阅区/ [索取号:S812.6/143] 在馆    
4 1026359   210263597   第三借阅区/ [索取号:S812.6/143] 在馆    
5 1026360   210263604   第三借阅区/ [索取号:S812.6/143] 在馆    
唐山师范学院图书馆 欢迎您!
大连网信软件有限公司© 版权所有